| 000 | 00764nam a2200205 a 4500 | ||
|---|---|---|---|
| 005 | 20140414093835.0 | ||
| 008 | 030611s19uu xx 00 eng d | ||
| 050 |
_aCD 780 _bSon 1998 #1 |
||
| 100 | _aStolba, K Marie. | ||
| 245 |
_aThe Development of Western music. CD#1: _ban anthology / _cedited by K Marie Stolba. |
||
| 250 | _a3rd ed | ||
| 260 |
_aNew York : _bMcGraw-Hill. |
||
| 300 | _a1 score (2 v.) ; 21 x 28 cm. | ||
| 500 | _aVolume 2. Preclassic through the twentieth century. | ||
| 520 | _a"Specifically designed to present music to be studied in conjunction with the text The development of Western music : a history"--Pref. | ||
| 650 |
_aMusical analysis _xMusic collections. |
||
| 650 | _aWestern music. | ||
| 942 | _cAVM | ||
| 999 |
_c108974 _d108974 |
||